Countries I've been to - Statistics

General Stats
  • This quiz has been taken 17 times
  • The average score is 4 of 7
Answer Stats
Question Answer % Correct
Country I've visited twice Germany
73%
Microstate I've been to Vatican city
64%
Thanks to Ryanair it was a 20€ flight to Bulgaria
55%
Been to this country for a long weekend Cyprus
45%
First country I travelled to Italy
45%
Last country I've visited Russia
45%
Country I've been to most times Turkey
45%
No matching quizzes found
Score Distribution
Percent of People with Each Score
Percentile by Number Answered
Your Score History
You have not taken this quiz